<?xml version="1.0" encoding="UTF-8"?>
<record
    xmlns:xsi="http://www.w3.org/2001/XMLSchema-instance"
    xsi:schemaLocation="http://www.loc.gov/MARC21/slim http://www.loc.gov/standards/marcxml/schema/MARC21slim.xsd"
    xmlns="http://www.loc.gov/MARC21/slim">

  <leader>00747nam a22002057a 4500</leader>
  <datafield tag="999" ind1=" " ind2=" ">
    <subfield code="c">153193</subfield>
    <subfield code="d">153193</subfield>
  </datafield>
  <controlfield tag="005">20190104131704.0</controlfield>
  <datafield tag="010" ind1=" " ind2=" ">
    <subfield code="a">B-694170</subfield>
  </datafield>
  <datafield tag="020" ind1=" " ind2=" ">
    <subfield code="c">500.00</subfield>
  </datafield>
  <datafield tag="035" ind1=" " ind2=" ">
    <subfield code="a">B-694170</subfield>
  </datafield>
  <datafield tag="037" ind1=" " ind2=" ">
    <subfield code="b">M.B. Books Pvt. Ltd.</subfield>
  </datafield>
  <datafield tag="082" ind1=" " ind2=" ">
    <subfield code="a">480.00</subfield>
  </datafield>
  <datafield tag="100" ind1=" " ind2=" ">
    <subfield code="a">Singh, Ajay K.</subfield>
  </datafield>
  <datafield tag="245" ind1=" " ind2=" ">
    <subfield code="a">S.S.C. English:</subfield>
    <subfield code="b">(Previous Papers)  2013-2016 /</subfield>
    <subfield code="c">Singh, Ajay K.</subfield>
  </datafield>
  <datafield tag="260" ind1=" " ind2=" ">
    <subfield code="a">Patna</subfield>
    <subfield code="b">M.B. Books Pvt. Ltd.</subfield>
    <subfield code="c">2017</subfield>
  </datafield>
  <datafield tag="270" ind1=" " ind2=" ">
    <subfield code="a">3rd Floor, Ramdiri House, Dadiji Lanme, Boring Road, Pana-800001</subfield>
    <subfield code="b">Patna</subfield>
    <subfield code="e">800001</subfield>
  </datafield>
  <datafield tag="300" ind1=" " ind2=" ">
    <subfield code="a">528p.</subfield>
    <subfield code="c">28cm(pb)</subfield>
  </datafield>
  <datafield tag="490" ind1=" " ind2=" ">
    <subfield code="a">113 SETS</subfield>
  </datafield>
  <datafield tag="942" ind1=" " ind2=" ">
    <subfield code="2">ddc</subfield>
    <subfield code="c">EN</subfield>
    <subfield code="h">480</subfield>
    <subfield code="m">SIN</subfield>
  </datafield>
  <datafield tag="952" ind1=" " ind2=" ">
    <subfield code="0">0</subfield>
    <subfield code="1">0</subfield>
    <subfield code="4">0</subfield>
    <subfield code="7">0</subfield>
    <subfield code="8">NFIC</subfield>
    <subfield code="a">AG</subfield>
    <subfield code="b">AG</subfield>
    <subfield code="d">2019-01-04</subfield>
    <subfield code="e">Pansy Books/1748/21-05-18/RP/03/31-05-18</subfield>
    <subfield code="g">500.00</subfield>
    <subfield code="l">14</subfield>
    <subfield code="m">12</subfield>
    <subfield code="o">480 SIN</subfield>
    <subfield code="p">B-694170</subfield>
    <subfield code="r">2022-08-30 00:00:00</subfield>
    <subfield code="s">2022-08-17</subfield>
    <subfield code="t">1</subfield>
    <subfield code="v">500.00</subfield>
    <subfield code="y">EN</subfield>
  </datafield>
</record>
